The Dominican Republic : 25 years of peace and prosperity : (Registro nro. 29875)
[ vista simple ]
| 000 -CABECERA | |
|---|---|
| campo de control de longitud fija | 00708nam a2200169 a 4500 |
| 001 - NÚMERO DE CONTROL | |
| campo de control | 000030383 |
| 005 - FECHA Y HORA DE LA ÚLTIMA TRANSACCIÓN | |
| campo de control | 20200930062301.0 |
| 008 - DATOS DE LONGITUD FIJA--INFORMACIÓN GENERAL | |
| campo de control de longitud fija | 110516s1955 dr 000 0 spa d |
| 040 ## - FUENTE DE LA CATALOGACIÓN | |
| Centro catalogador/agencia de origen | DO-SdBNP |
| Lengua de catalogación | spa |
| Centro/agencia transcriptor | BNPHU |
| 082 ## - NÚMERO DE LA CLASIFICACIÓN DECIMAL DEWEY | |
| Número de clasificación | xxx |
| Número de documento/Ítem | R426 |
| 049 ## - FONDOS LOCALES (OCLC) | |
| Fondos de biblioteca | BNPD |
| 245 01 - MENCIÓN DE TÍTULO | |
| Título | The Dominican Republic : 25 years of peace and prosperity : |
| Resto del título | 25 years of peace and prosperity. Extension of remarks of Hon. John W. McCormack of Massachusetts in the House of Representatives, Monday, June 13, 1955 / |
| Mención de responsabilidad, etc. | John W. McCormack. |
| 250 ## - MENCIÓN DE EDICIÓN | |
| Mención de edición | A reprint from the Congressional record |
| 260 ## - PUBLICACIÓN, DISTRIBUCIÓN, ETC. | |
| Lugar de publicación, distribución, etc. | Ciudad Trujillo, República Dominicana |
| -- | Editora del Caribe, |
| Fecha de publicación, distribución, etc. | 1955. |
| 300 ## - DESCRIPCIÓN FÍSICA | |
| Extensión | 14 p. : |
| Otras características físicas | 24 cm. |
| 700 1# - PUNTO DE ACCESO ADICIONAL--NOMBRE DE PERSONA | |
| Nombre de persona | McCormack, John W. |
| 9 (RLIN) | 57022 |
| Estado de retiro | Estado de pérdida | No para préstamo | Código de colección | Localización permanente | Ubicación/localización actual | Ubicación en estantería | Fecha de adquisición | Número de inventario | Total de préstamos | Signatura topográfica completa | Código de barras | Fecha visto por última vez | Precio válido a partir de | Tipo de ítem Koha |
|---|---|---|---|---|---|---|---|---|---|---|---|---|---|---|
| Excluido de préstamo | Patrimonio Dominicano | Patrimonio Dominicano | Patrimonio Dominicano | En catalogación | 16.05.2011 | LF1 | xxx R426 | 30383-10 | 25.06.2020 | 25.06.2020 | Libro y Folleto Colección Patrimonio Dominicano |
